Responses for Show #9075 - Friday, April 5, 2024

2024 Jeopardy! Invitational Tournament final game 1.

Contestants

[<< previous game]

Andrew He, a stay-at-home dad from Concord, California

Victoria Groce, a writer and television personality from Pittsburgh, Pennsylvania

Amy Schneider, a writer from Oakland, California

[next game >>]

Jeopardy! Round responses

IN THE PAST
ALLITERATIVE LIT
WHAT ARE YOU WEARING?
FARMING HISTORY
SPORTS
YOU'RE A FINAL"IST"
    $200 30
Marco Polo

Andrew
    $200 29
(Andrew: Uh... what is... [Exhales]...)

The Two Towers

VictoriaAndrew
    $200 28
Oxford

Victoria
    $200 27
a ladybug

Amy
    $200 26
Michigan

Amy
    $200 25
an atheist

Amy
    $400 20
(Ken: Ciudad [*], yes.)

Juárez

Andrew
    $400 21
Cat's Cradle

Victoria
    $400 1
a deerstalker

Amy
    $400 22
corn

Amy
    $400 23
(Caitlin) Clark

Amy
    $400 24
a mixologist

Andrew
    $600 19
Sacagawea

Victoria
    $600 8
The Silver Skates

Andrew
    $600 2
a sari

Victoria
    $600 12
the Irish Potato Famine

Victoria
    $600 17
Ledecky

Andrew
    $600 6
an alchemist

Andrew
    $4,200 13
patricians & plebeians

Victoria
    $800 3
snicker-snack

Andrew
    $800 14
silk

Victoria
    $800 10
[Amy said it both ways.]

a milker (a milking machine)

Amy
    $800 16
Australian Rules Football

Amy
    $800 5
(Andrew: What is esthetist?)

cosmetologist

AmyAndrew
    $1000 18
the St. Lawrence Seaway

Amy
    $1000 9
Brom Bones

Victoria
    $1000 15
(Ken: You pin it in front of you, it's [*].)

pinafore

Triple Stumper
    $1000 11
(Jethro) Tull

Victoria
    $1000 7
(Coco) Gauff

Victoria
    $1000 4
a phrenologist

Amy

Scores at the first commercial break (after clue 15):

Amy Victoria Andrew
$3,000 $9,200 $1,200

Scores at the end of the Jeopardy! Round:

Amy Victoria Andrew
$6,200 $10,600 $2,600

Double Jeopardy! Round responses

ON THE MAP
SCULPTURE
THINGS PEOPLE SAY
IN THIS ECONOMY?!
HORROR MUSIC
20th CENTURY LASTS
    $400 30
(Ken: [To Amy] You have $15,000 and Victoria's lead, no longer safe.)

Lhasa (Tibet)

Amy
    $400 29
(Andrew: And play it again, Sam.)
[Ken laughs.]
(Ken: I will bring ON THE MAP.)

Chicago

Andrew
    $400 28
the get-go

Andrew
    $400 27
free market

Amy
    $400 26
(Amy: What is "Who they gonna call?")

Who you gonna call?

AmyAndrew
    $400 25
cavalry

Amy
    $800 21
the Painted Desert

Andrew
    $800 22
Cards

Amy
    $800 23
your craw

Amy
    $800 20
barter

Amy
    $800 24
the "Monster Mash"

Amy
    $800 7
(Ken: It was [*] injury, broke a guy's jaw; they were still [*]ing Eastern European cars in the 1990s.)

a hand crank

Triple Stumper
    $4,200 4
(Ken: You can move into second place here, Andrew, but I'm not telling you what to do.)
(Andrew: I will take your advice; I will do $4,200.)
(Ken: I didn't give any advice.)
[Laughter]

Victoria Falls

Andrew
    $1200 11
St. Teresa

Andrew
    $1200 17
main character

Victoria
    $13,400 9
feudalism

Victoria
    $1200 19
"Doppelganger"

Amy
    $1200 6
a lobotomy

Victoria
    $1600 1
(Victoria: What is Amalfi?)

Sorrento

Victoria
Triple Stumper
    $1600 5
(Jeff) Koons

Victoria
    $1600 16
the floodgates

Amy
    $1600 3
peer-to-peer

Andrew
    $1600 18
Bela Lugosi

Victoria
    $1600 8
foot binding

Victoria
    $2000 12
(Andrew: What is... Queen Maud Land?)

Marie Byrd Land

AmyAndrew
    $2000 10
Praxiteles

Victoria
    $2000 13
root and branch

Amy
    $2000 2
(Ken: He gave up on [*], always sad.)

socialism

Triple Stumper
    $2000 15
(Victoria: What is Species?)
(Amy: What is... La Femme Nikita?)

Cat People

AmyVictoria
Triple Stumper
    $2000 14
the tsarevich (the crown prince)

Triple Stumper

Scores at the end of the Double Jeopardy! Round:

Amy Victoria Andrew
$15,000 $29,600 $9,600

[wagering suggestions for these scores]

Final Jeopardy! Round responses

U.S. GOVERNMENT
AndrewWhat have I gotten myself into...
$0
AmyWhat is the NSA?
$15,000
VictoriaWhat is the CIA? Hi, Nora!
$401
the NSA

Final scores:

Amy Victoria Andrew
$30,000 $29,199 $9,600
Winner: 1 match point 2nd place 3rd place

Game dynamics:

Coryat scores:

Amy Victoria Andrew
$15,000 $14,000 $6,600
22 R,
2 W
18 R
(including 2 DDs),
2 W
14 R
(including 1 DD),
3 W

Combined Coryat: $35,600

[game clues] [game scores] [suggest correction]

Game tape date: 2024-02-28
The J! Archive is created by fans, for fans. Scraping, republication, monetization, and malicious use prohibited; this site may use cookies and collect identifying information. See terms. The Jeopardy! game show and all elements thereof, including but not limited to copyright and trademark thereto, are the property of Jeopardy Productions, Inc. and are protected under law. This website is not affiliated with, sponsored by, or operated by Jeopardy Productions, Inc. Join the discussion at JBoard.tv.